01924nam a22004097a 450000500170000000800410001702000280005802000250008602000240011104000410013504100080017624501590018425000100034326000980035330000930045150400530054465000440059765000190064165000600066065000650072065000370078565000680082265000320089065000390092265000620096165000150102365000310103865000480106965100640111765100990118165100470128065100550132770000310138270000410141370000330145470000270148720251106092242.0251106t ||||| |||| 00| 0 spa d a9789585005082 (impreso) a9789585005099 (ePub) a9789585005105 (pdf) aCO-BoUCMcDavid MorenodDavid Moreno aspa00aHistorias de lo político en ColombiabDe república a nación, 1853-1903cMargarita Garrido, Andrés Jiménez Ángel, Fracisco A. Ortega...[y otro] a1a.Ed aBogotá, ColombiabUniversidad Nacional de Colombia; Editorial Universidad del Rosarioc2025 axliv, 574 Paginasbilustraciones (principalmente a color), diagramas, fotografias, mapas aIncluye referencias bibliográficas e índices14aPoder de la comunidadxHistoriografía14aRepublicanismo14aResistencia civilxParticipación ciudadanaySiglo XIX14aIgualdad ante la leyxAspectos socialesySiglo XIXzColombia14aReformas de igualdad de derechos14aParticipación politicaxHistoriografíaySiglo XIXzColombia14aÉlite (Ciencias sociales)14aReligión y políticaxSiglo XIX14aSoberanía popularxPeriodo de regeneracióny1885-190914aReformismo14aNaciónxHistoriografía14aGuerra de los mil diasxHistoriay1899-19031 aColombia (RepúblicaxHistoriografíaxFuentesySiglo XIX1 aNueva Granada (República)xHistoria del pensamiento político y socialySiglo XIXzColombia1 aColombiaxPolítica y gobiernoySiglo XIX1 aColombiaxSeparación de PanamáxHistoriay19031 aGarrido, Margaritaeeditor1 aJiménez Ángel, Andrés eeditor1 aOrtega, Fracisco A. eeditor1 aHensel, Franz eeditor